| 000 | 02257nam a2200361 i 4500 | ||
|---|---|---|---|
| 001 | 189828 | ||
| 003 | SpMaBN | ||
| 005 | 20250719063327.0 | ||
| 008 | 191202s20182019sp cf |||| |dspa d | ||
| 017 |
_aM 9374-2015 _bOficina Depósito Legal Madrid |
||
| 017 |
_aSE 1955-2019 _bOficina Depósito Legal Sevilla |
||
| 020 | _a978-84-16300-63-1 | ||
| 080 | _a061.22(460.27 M.)(091) | ||
| 100 | 1 |
_aOlmos, Víctor, _d1935- _986991 _eaut |
|
| 245 | 1 | 0 |
_aÁgora de la libertad _b: historia del Ateneo de Madrid / _cVíctor Olmos. |
| 260 | 1 |
_aValencina de la Concepción (Sevilla) : _bUlises, _c2018-2019 |
|
| 300 |
_avolúmenes <1-3> : _b1695 páginas, 96 páginas de láminas (color y blanco y negro) ; _c24 cm |
||
| 500 | _aEn 3 volúmenes | ||
| 504 | _aIncluye referencias bibliográficas e índices | ||
| 505 | 8 | _aContiene: I. 1820-1923 / presentación de César Navarro ; prólogo de Pedro J. Ramírez (591 páginas, [30] páginas de láminas) -- II. 1923-1962 / presentación de César Navarro (698 páginas, [32] páginas de láminas) -- III. 1962-2019 / presentación de Juan Armindo Hernández Montero (706 páginas, [32] páginas de láminas) | |
| 505 | 8 | _aAnexos: I. Los 92 fundadores del Ateneo Español de 1820; Los 307 fundadores del Ateneo de Madrid de 1835; Juntas de gobierno del Ateneo de Madrid de 1835 a 1923 -- II. Juntas de gobierno del Ateneo de Madrid (1923 a 1962) -- III. Juntas de gobierno del Ateneo de Madrid 1963-2019; Reglamento del Ateneo de Madrid; Secciones, tertulias, cátedras, agrupaciones | |
| 610 | 2 | 7 |
_aAteneo Español _2Historia _9145825 |
| 610 | 2 | 4 |
_aAteneo de Madrid- _vHistoria _91925 |
| 700 | 1 |
_aNavarro de Francisco, César, _d1932- _985113 |
|
| 700 | 1 |
_aRamírez, Pedro J., _d1952- _995106 |
|
| 700 | 1 |
_aHernández Montero, Juan Armindo _9168574 |
|
| 852 | 4 |
_aES-MaACL _jA-14555 _pv.1 _919671 _bR.152807 _cDEPO1 _dOlim: N-7555 _hDonación: Víctor Olmos |
|
| 852 | 4 |
_aES-MaACL _jA-14556 _pv.2 _9201004 _bR.152807 _cDEPO1 _dOlim: N-7556 _hDonación: Víctor Olmos |
|
| 852 | 4 |
_aES-MaACL _jA-14557 _pv.3 _9201005 _bR.152807 _cDEPO1 _dOlim: N-7557 _gDedicatoria autógrafa del autor _hDonación: Víctor Olmos |
|
| 903 |
_986991 _aOlmos, Víctor, _d1935- _ednr |
||
| 942 |
_2udc _cMONOGRAFIA |
||
| 999 |
_c189828 _d189828 |
||